000 01237cam a22003737a 4500
003 CHAP
005 20220817044255.0
008 090610s2007 it rn 00010 fr d
010 _a96348
011 _a97320
020 _a9789252049913
035 _a107984
040 _cCHAP
082 0 4 _a630
_bF3f v.151
110 0 0 _aFAO
245 1 0 _aManuel pour la préparation et la vente des fruits et des légumes :
_bdu champ au marché
_c/by Andrés F. López Camelo
260 _aRome :
_bFAO,
_c2007
300 _ax, 182 p.
490 0 _aFAO. Servicios agrícolas
_v; 151
590 _aBATCH-UPD
_b10
_c20130110
_lUCH01
_h0514
590 _aBATCH-UPD
_b10
_c20130410
_lUCH01
_h0152
590 _aBATCH-UPD
_b10
_c20130914
_lUCH01
_h1352
590 _aCONVERSION
_b10
_c20130109
_lUCH01
_h1353
650 1 4 _aFruta
_xEmpaque.
_943610
650 1 4 _aFruta
_xFechas de cosecha.
_943615
650 1 4 _aFruta
_xMercadeo.
_943633
650 1 4 _aLegumbres
_xEmpaque.
_965708
650 1 4 _aLegumbres
_xMercadeo.
_965740
700 0 _aLópez Camelo, Andrés F.
_967736
830 0 0 _aFAO. Servicios agrícolas
_v; 151
_939697
901 _aBK
942 _cLIBRO
949 _a630 F3f v.151
_bBC
_cLIBRO
_d33724002097702
_eLIBRO
_gDonaciØn
_h110608
_i107984
_sb
999 _c96348
_d96348